[Event "Saint Louis Spring-A"]
[Site "Saint Louis"]
[Date "2024.04.15"]
[Round "5"]
[White "Antipov, Mikhail Al"]
[Black "Swiercz, Dariusz"]
[Result "1-0"]
[WhiteElo "2574"]
[BlackElo "2612"]
[PlyCount "163"]
[EventDate "2024.04.11"]
[EventType "tourn"]
[EventRounds "9"]
[EventCountry "USA"]
[EventCategory "15"]
[SourceTitle "CB17_2024"]
[SourceDate "2024.04.24"]
[SourceVersion "1"]
[SourceVersionDate "2024.04.24"]
[SourceQuality "1"]

1. e4 e5 2. Nf3 Nc6 3. Bc4 Nf6 4. d3 h6 5. c3 d6 6. a4 g5 7. a5 Bg7 8. a6 b6 9. Bb5 Bd7 10. h3 0-0 11. c4 Ne7 12. Bxd7 Qxd7 13. Nc3 c6 14. 0-0 Ng6 15. d4 exd4 16. Nxd4 Rfe8 17. Nf5 Nxe4 18. Nxg7 Kxg7 19. Qd4+ Nf6 20. f4 g4 21. f5 Ne5 22. Bd2 Rh8 23. hxg4 Nfxg4 24. Rf4 h5 25. f6+ Kf8 26. Ne4 Rd8 27. Rd1 Rg8 28. Bc3 Qe6 29. c5 bxc5 30. Nxc5 Qd5 31. Nb7 Ne3 32. Qxd5 cxd5 33. Rd2 Rd7 34. Bd4 N3c4 35. Rc2 Nc6 36. b3 Nb4 37. Rc3 Nxa6 38. Na5 Rg5 39. bxc4 dxc4 40. Nxc4 Nc7 41. Ne3 Ne6 42. Rf5 Kg8 43. Rxg5+ Nxg5 44. Nd5 Kh7 45. Rb3 Ne6 46. Bb2 Kg6 47. Kf2 a5 48. Rg3+ Kh7 49. Ne7 Rb7 50. Ba3 a4 51. Rh3 Rb5 52. Bxd6 Kh6 53. g4 Rg5 54. gxh5 Rxh5 55. Re3 Rh1 56. Rg3 Rd1 57. Nf5+ Kh7 58. Bb4 Rb1 59. Be7 Rb3 60. Rg4 a3 61. Ra4 Rb2+ 62. Ke3 a2 63. Kd3 Rf2 64. Ne3 Rxf6 65. Bxf6 Nc5+ 66. Kc4 Nxa4 67. Kb5 Kg6 68. Ba1 f5 69. Kxa4 f4 70. Nd1 Kf5 71. Kb3 Ke4 72. Kc2 Kf3 73. Kd2 Kg2 74. Ke2 Kg3 75. Nf2 Kg2 76. Ne4 f3+ 77. Ke3 Kf1 78. Kxf3 Ke1 79. Ke3 Kd1 80. Kd3 Kc1 81. Nd2 Kd1 82. Nb3 1-0

[Event "Saint Louis Spring-A"]
[Site "Saint Louis"]
[Date "2024.04.14"]
[Round "4"]
[White "Mendonca, Leon Luke"]
[Black "Antipov, Mikhail Al"]
[Result "0-1"]
[WhiteElo "2626"]
[BlackElo "2574"]
[PlyCount "106"]
[EventDate "2024.04.11"]
[EventType "tourn"]
[EventRounds "9"]
[EventCountry "USA"]
[EventCategory "15"]
[SourceTitle "CB17_2024"]
[SourceDate "2024.04.24"]
[SourceVersion "1"]
[SourceVersionDate "2024.04.24"]
[SourceQuality "1"]

1. e4 e5 2. Nf3 Nc6 3. Bc4 Bc5 4. d3 Nf6 5. c3 d6 6. 0-0 a6 7. a4 Ba7 8. Be3 Bxe3 9. fxe3 0-0 10. Nbd2 Qe7 11. d4 a5 12. Qe1 Bd7 13. Qg3 Rae8 14. Bd3 g6 15. Rae1 b6 16. Nc4 Bc8 17. Nfd2 Kg7 18. Qf3 Bg4 19. Qg3 Bc8 20. Qf3 Bg4 21. Qf2 h6 22. Rb1 Bd7 23. Ra1 Ra8 24. Na3 Nd8 25. Nb5 Ne6 26. Rae1 Rac8 27. b4 Ra8 28. Ra1 Rfc8 29. Nf3 Ng5 30. Nxg5 hxg5 31. Qg3 g4 32. Qh4 Bxb5 33. axb5 axb4 34. cxb4 Rh8 35. Qg3 exd4 36. exd4 Nxe4 37. Qxg4 Rxa1 38. Rxa1 Rh4 39. Qe2 Qf6 40. Qe3 Nc3 41. g3 Qxd4 42. Qxd4+ Rxd4 43. Bf1 Rxb4 44. Ra7 Nxb5 45. Bxb5 Rxb5 46. Rxc7 Kf6 47. Kg2 Rb2+ 48. Kf3 b5 49. h4 b4 50. g4 b3 51. Rb7 Rb1 52. Kg2 b2 53. Rb6 Ke5 0-1

[Event "Saint Louis Spring-A"]
[Site "Saint Louis"]
[Date "2024.04.12"]
[Round "2"]
[White "Antipov, Mikhail Al"]
[Black "Yoo, Christopher Woojin"]
[Result "1/2-1/2"]
[WhiteElo "2574"]
[BlackElo "2583"]
[PlyCount "68"]
[EventDate "2024.04.11"]
[EventType "tourn"]
[EventRounds "9"]
[EventCountry "USA"]
[EventCategory "15"]
[SourceTitle "CB17_2024"]
[SourceDate "2024.04.24"]
[SourceVersion "1"]
[SourceVersionDate "2024.04.24"]
[SourceQuality "1"]

1. e4 c6 2. Nf3 d5 3. d3 Bg4 4. c3 Nd7 5. Nbd2 Ngf6 6. Be2 Bxf3 7. Bxf3 Nc5 8. Nb3 dxe4 9. Nxc5 exf3 10. Qxf3 Nd7 11. Nxd7 Qxd7 12. Bf4 Qd5 13. Qxd5 cxd5 14. a4 e6 15. a5 Kd7 16. Kd2 Bd6 17. Bxd6 Kxd6 18. Ra4 Kc6 19. Rha1 Rad8 20. Rb4 e5 21. c4 dxc4 22. Rxc4+ Kd6 23. f4 f6 24. fxe5+ fxe5 25. Ra3 Rhf8 26. Ke3 Rf7 27. Rb3 Ke6 28. Rc5 Rd5 29. Rxd5 Kxd5 30. Rb5+ Ke6 31. Ke4 Rf4+ 32. Ke3 Rf7 33. Ke4 Rf4+ 34. Ke3 Rf7 1/2-1/2

[Event "USA-chT College final"]
[Site "Richardson"]
[Date "2024.03.31"]
[Round "3.1"]
[White "Gledura, Benjamin"]
[Black "Antipov, Mikhail Al"]
[Result "1/2-1/2"]
[WhiteElo "2616"]
[BlackElo "2573"]
[PlyCount "93"]
[EventDate "2024.03.30"]
[EventType "team-tourn"]
[EventRounds "3"]
[EventCountry "USA"]
[SourceTitle "CB14_2024"]
[SourceDate "2024.04.01"]
[SourceVersion "1"]
[SourceVersionDate "2024.04.01"]
[SourceQuality "1"]
[WhiteTeam "Webster Univ"]
[BlackTeam "Missouri Univ"]
[WhiteTeamCountry "USA"]
[BlackTeamCountry "USA"]

1. Nf3 d5 2. d4 Nf6 3. c4 e6 4. Nc3 Bb4 5. cxd5 exd5 6. Bf4 c6 7. e3 Bf5 8. a3 Bd6 9. Bxd6 Qxd6 10. Nh4 Bg6 11. Qb3 b5 12. Qb4 Qd8 13. Nxg6 hxg6 14. Bd3 a5 15. Qc5 Nfd7 16. Qd6 Nb6 17. Qg3 N8d7 18. 0-0 Nf6 19. a4 bxa4 20. Nxa4 Nxa4 21. Rxa4 0-0 22. Rfa1 Rb8 23. R1a2 Rb3 24. Bc2 Rb5 25. Bd3 Rb3 26. Bc2 Rb5 27. b3 Ne4 28. Bxe4 dxe4 29. h3 Re8 30. R2a3 c5 31. Qg4 Qb8 32. Qd1 cxd4 33. Rxd4 Rc5 34. Ra1 g5 35. Rd5 Rxd5 36. Qxd5 Re5 37. Qd4 f6 38. Qc4+ Kh7 39. Rd1 Qg8 40. Qc2 Qe6 41. Rd4 g4 42. hxg4 Qxg4 43. f3 Qg3 44. Rxe4 Qe1+ 45. Kh2 g6 46. Rxe5 Qh4+ 47. Kg1 1/2-1/2

[Event "USA-chT College final"]
[Site "Richardson"]
[Date "2024.03.30"]
[Round "2.2"]
[White "Antipov, Mikhail Al"]
[Black "Koustav, Chatterjee"]
[Result "1-0"]
[WhiteElo "2573"]
[BlackElo "2534"]
[PlyCount "97"]
[EventDate "2024.03.30"]
[EventType "team-tourn"]
[EventRounds "3"]
[EventCountry "USA"]
[SourceTitle "CB14_2024"]
[SourceDate "2024.04.01"]
[SourceVersion "1"]
[SourceVersionDate "2024.04.01"]
[SourceQuality "1"]
[WhiteTeam "Missouri Univ"]
[BlackTeam "Dallas Texas Univ"]
[WhiteTeamCountry "USA"]
[BlackTeamCountry "USA"]

1. d4 Nf6 2. c4 e6 3. Nf3 d5 4. Nc3 c6 5. Bg5 Nbd7 6. cxd5 exd5 7. e3 Be7 8. Bd3 h6 9. Bf4 0-0 10. h3 Ne8 11. Qc2 Nd6 12. g4 b5 13. Rg1 g5 14. Be5 Re8 15. h4 Nf8 16. hxg5 hxg5 17. 0-0-0 f6 18. Bxd6 Bxd6 19. Kb1 Be6 20. Bf5 Qd7 21. Rh1 Qg7 22. Rh5 Bf7 23. Rh3 Bg6 24. Rdh1 Bxf5 25. Qxf5 Qg6 26. Rh8+ Kg7 27. Qxg6+ Kxg6 28. R8h6+ Kg7 29. Nxg5 fxg5 30. Rxd6 Re6 31. Rxe6 Nxe6 32. Ne2 Rf8 33. Rh2 Kg6 34. Ng3 Ng7 35. Kc2 Rc8 36. Kd3 c5 37. dxc5 Rxc5 38. Ne2 b4 39. f4 Ra5 40. f5+ Kf7 41. Nd4 Rxa2 42. Nf3 a5 43. Nxg5+ Kf6 44. Nf3 Kf7 45. Ne5+ Kg8 46. f6 Ne6 47. g5 Nf8 48. g6 Nxg6 49. Rg2 1-0

[Event "Titled Tuesday intern op 13th Feb Late"]
[Site "Chess.com INT"]
[Date "2024.02.13"]
[Round "3"]
[White "Antipov, Mikhail Al"]
[Black "Leiva Rodriguez, Jeammarco Giuseppe"]
[Result "1-0"]
[WhiteElo "2585"]
[BlackElo "2398"]
[PlyCount "129"]
[EventDate "2024.02.13"]
[EventType "swiss (blitz)"]
[EventRounds "11"]
[EventCountry "USA"]
[SourceTitle "CB08_2024"]
[SourceDate "2024.02.21"]
[SourceVersion "1"]
[SourceVersionDate "2024.02.21"]
[SourceQuality "1"]

1. e4 c5 2. Nf3 d6 3. d4 cxd4 4. Nxd4 Nf6 5. Nc3 a6 6. a3 e5 7. Nf3 Be7 8. Bg5 Be6 9. Bxf6 Bxf6 10. Nd5 Nd7 11. Bc4 Be7 12. c3 Nf6 13. Nxf6+ Bxf6 14. Bd5 0-0 15. 0-0 Qc7 16. Qb3 Bg4 17. Nd2 Rab8 18. Nc4 Bg5 19. Qb6 Qxb6 20. Nxb6 Bd8 21. Nc4 Be2 22. Rfe1 Bxc4 23. Bxc4 Bc7 24. Bd5 b5 25. Kf1 g6 26. Ke2 Kg7 27. Kd3 f5 28. f3 h5 29. h3 Kf6 30. Kc2 Kg5 31. b4 a5 32. Kb3 Kh4 33. Rad1 Kg3 34. Re2 Rb6 35. Rd3 Ra6 36. Kb2 Bb8 37. Be6 Kf4 38. Bd7 axb4 39. axb4 Rb6 40. Rd5 Kg3 41. Bxb5 fxe4 42. fxe4 Rf2 43. Rxf2 Kxf2 44. Rd2+ Ke1 45. Re2+ Kf1 46. Bc4 Rc6 47. Bd3 Ba7 48. g4 h4 49. Kb3 Kg1 50. Bb5 Rc7 51. g5 Bf2 52. Be8 Kg2 53. Bxg6 Rg7 54. Bf5 Rxg5 55. b5 Rg7 56. Kc4 Kf3 57. Rb2 Bb6 58. Kd5 Rc7 59. c4 Rc5+ 60. Kxd6 Rxc4 61. Kxe5 Ra4 62. Kd5 Rd4+ 63. Kc6 Ba5 64. b6 Rc4+ 65. Kd5 1-0

[Event "Titled Tuesday intern op 13th Feb Early"]
[Site "Chess.com INT"]
[Date "2024.02.13"]
[Round "4"]
[White "Antipov, Mikhail Al"]
[Black "Tarhan, Adar"]
[Result "1/2-1/2"]
[WhiteElo "2585"]
[BlackElo "2415"]
[PlyCount "93"]
[EventDate "2024.02.13"]
[EventType "swiss (blitz)"]
[EventRounds "11"]
[EventCountry "USA"]
[SourceTitle "CB08_2024"]
[SourceDate "2024.02.21"]
[SourceVersion "1"]
[SourceVersionDate "2024.02.21"]
[SourceQuality "1"]

1. e4 e5 2. Nf3 Nc6 3. Nc3 Nf6 4. h3 d5 5. exd5 Nxd5 6. Bb5 Nxc3 7. bxc3 Bd6 8. d4 exd4 9. 0-0 0-0 10. cxd4 Bf5 11. c4 Be4 12. Ng5 Bg6 13. Be3 Re8 14. Qd2 Rxe3 15. Qxe3 Nxd4 16. Rad1 Nf5 17. Qc1 Qf8 18. Ne4 Be5 19. Rfe1 Qb4 20. Bd7 Nd6 21. Nxd6 Bxd6 22. h4 Qc5 23. Qg5 Qxc4 24. Bb5 Qxa2 25. h5 h6 26. Qg4 Bc2 27. Qe2 Qb3 28. Rd2 Bf5 29. Bc4 Qb4 30. Rd4 Qc3 31. Rdd1 Qf6 32. g4 Bd7 33. f3 Bc6 34. Bd5 Bxd5 35. Rxd5 a5 36. Rf5 Qd4+ 37. Kg2 a4 38. Qa2 Rf8 39. Re8 Rxe8 40. Qxf7+ Kh7 41. Qg6+ Kg8 42. Qxe8+ Kh7 43. Qg6+ Kg8 44. Qe6+ Kh7 45. Qg6+ Kg8 46. Qf7+ Kh7 47. Qg6+ 1/2-1/2

[Event "Titled Tuesday intern op 13th Feb Early"]
[Site "Chess.com INT"]
[Date "2024.02.13"]
[Round "8"]
[White "Nagare, Kaivalya Sandip"]
[Black "Antipov, Mikhail Al"]
[Result "0-1"]
[WhiteElo "2074"]
[BlackElo "2585"]
[PlyCount "58"]
[EventDate "2024.02.13"]
[EventType "swiss (blitz)"]
[EventRounds "11"]
[EventCountry "USA"]
[SourceTitle "CB08_2024"]
[SourceDate "2024.02.21"]
[SourceVersion "1"]
[SourceVersionDate "2024.02.21"]
[SourceQuality "1"]

1. e4 c5 2. Nf3 e6 3. d4 cxd4 4. Nxd4 a6 5. Bd3 Bc5 6. Nb3 Be7 7. 0-0 Qc7 8. Qe2 d6 9. c4 b6 10. Nc3 Bb7 11. f4 Nd7 12. Be3 Ngf6 13. Rae1 0-0-0 14. a4 Nc5 15. Nxc5 dxc5 16. a5 bxa5 17. e5 Ng4 18. Be4 Nxe3 19. Qxe3 Rd4 20. Ra1 Rhd8 21. Bxb7+ Qxb7 22. Rxa5 Kb8 23. Raa1 g6 24. Rf2 Rxc4 25. b3 Rcd4 26. Rfa2 c4 27. Rxa6 Bc5 28. b4 Rd1+ 29. Nxd1 Rxd1+ 0-1

[Event "Chessable Masters Div 3 Lose"]
[Site "Chess.com INT"]
[Date "2024.02.02"]
[Round "1.1"]
[White "Antipov, Mikhail Al"]
[Black "Dreev, Alexey"]
[Result "1/2-1/2"]
[WhiteElo "2585"]
[BlackElo "2606"]
[PlyCount "94"]
[EventDate "2024.02.02"]
[EventType "k.o. (rapid)"]
[EventRounds "8"]
[EventCountry "USA"]
[SourceTitle "CB06_2024"]
[SourceDate "2024.02.07"]
[SourceVersion "1"]
[SourceVersionDate "2024.02.07"]
[SourceQuality "1"]

1. e4 c5 2. Nf3 e6 3. b3 Nc6 4. Bb2 d6 5. d4 cxd4 6. Nxd4 Nf6 7. Nxc6 bxc6 8. Bd3 Be7 9. 0-0 0-0 10. c4 e5 11. Nc3 Be6 12. Qc2 a5 13. Na4 Qc7 14. Rfe1 Nd7 15. Rad1 f6 16. c5 Nxc5 17. Bc4 Bxc4 18. Qxc4+ Kh8 19. Nxc5 dxc5 20. Ba3 Rfd8 21. Bxc5 Bxc5 22. Qxc5 h6 23. g3 Kh7 24. Kg2 Rd7 25. Rxd7 Qxd7 26. Rc1 Ra6 27. Rc3 a4 28. Qc4 Qa7 29. b4 a3 30. Rd3 Rb6 31. Qe6 Qb8 32. Rxa3 Rxb4 33. Rc3 Rd4 34. Rxc6 Rd8 35. h4 Qa7 36. h5 Qa4 37. Qf5+ Kh8 38. Rc7 Rg8 39. Qg6 Qxa2 40. Rf7 Qe6 41. g4 Qc6 42. g5 Qe6 43. Rxf6 Qg4+ 44. Kf1 Qd1+ 45. Kg2 Qg4+ 46. Kf1 Qd1+ 47. Kg2 Qg4+ 1/2-1/2

[Event "Chessable Play In Match D2"]
[Site "Chess.com INT"]
[Date "2024.02.01"]
[Round "1.2"]
[White "Antipov, Mikhail Al"]
[Black "Shimanov, Aleksandr"]
[Result "0-1"]
[WhiteElo "2585"]
[BlackElo "2578"]
[PlyCount "78"]
[EventDate "2024.02.01"]
[EventType "k.o. (rapid)"]
[EventRounds "2"]
[EventCountry "USA"]
[SourceTitle "CB06_2024"]
[SourceDate "2024.02.07"]
[SourceVersion "1"]
[SourceVersionDate "2024.02.07"]
[SourceQuality "1"]

1. e4 c6 2. d4 d5 3. exd5 cxd5 4. Bd3 Nc6 5. c3 Qc7 6. h3 e6 7. Nf3 Bd6 8. 0-0 Nf6 9. Re1 b6 10. Qe2 Bb7 11. Nbd2 0-0 12. Ne5 Rae8 13. h4 Kh8 14. a4 a5 15. Rb1 Ba8 16. b3 Ne7 17. Bb2 g6 18. c4 Bb4 19. Rbd1 Nh5 20. Qg4 Nf5 21. c5 bxc5 22. dxc5 f6 23. Bb5 Re7 24. c6 Kg7 25. Re2 fxe5 26. Bxe5+ Nf6 27. Qxb4 axb4 28. Bxc7 Rxc7 29. Rxe6 Nd4 30. Rd6 Bxc6 31. Rc1 Rfc8 32. Ba6 Bb7 33. Rxc7+ Rxc7 34. Bxb7 Rxb7 35. a5 Rc7 36. a6 Rc1+ 37. Kh2 Ng4+ 38. Kh3 Nxf2+ 39. Kh2 Rh1+ 0-1

[Event "Chessable Masters Play In"]
[Site "Chess.com INT"]
[Date "2024.01.31"]
[Round "1"]
[White "Antipov, Mikhail Al"]
[Black "Aditya, Mittal"]
[Result "1-0"]
[WhiteElo "2604"]
[BlackElo "2588"]
[PlyCount "137"]
[EventDate "2024.01.31"]
[EventType "swiss (rapid)"]
[EventRounds "9"]
[EventCountry "USA"]
[SourceTitle "CB06_2024"]
[SourceDate "2024.02.07"]
[SourceVersion "1"]
[SourceVersionDate "2024.02.07"]
[SourceQuality "1"]

1. e4 e5 2. Nf3 Nc6 3. Nc3 Nf6 4. h3 Bb4 5. Bd3 0-0 6. 0-0 d6 7. Ne2 Nxe4 8. c3 Nf6 9. cxb4 e4 10. Bxe4 Nxe4 11. d3 Nf6 12. Bg5 Nxb4 13. Nf4 h6 14. Bh4 c6 15. Qd2 Nbd5 16. Nxd5 cxd5 17. Rae1 Bf5 18. Re3 Bh7 19. Rfe1 d4 20. Nxd4 g5 21. Re7 Qb6 22. Nf3 Qb5 23. Bg3 Qxd3 24. Qxd3 Bxd3 25. Rd1 Be4 26. Rxd6 Rfe8 27. Rxe8+ Nxe8 28. Rxh6 f6 29. h4 g4 30. Nh2 Bf5 31. Bf4 Rd8 32. f3 Rd4 33. Be3 Rd3 34. fxg4 Be4 35. Kf2 Kg7 36. g5 Bf5 37. g4 Be4 38. Nf1 fxg5 39. hxg5 Nd6 40. Ng3 Bg6 41. Ke2 Rd5 42. Bf4 Nf7 43. Rh2 Rb5 44. Ke3 Rb4 45. Nf5+ Kg8 46. Ne7+ Kg7 47. Nf5+ Kg8 48. Rd2 Rb5 49. Ne7+ Kg7 50. b3 a5 51. Rd7 a4 52. bxa4 Ra5 53. Rxb7 Rxa4 54. Nf5+ Kg8 55. Nh6+ Kg7 56. Be5+ Kf8 57. Bf6 Re4+ 58. Kf3 Re8 59. Nf5 Ra8 60. Be7+ Kg8 61. a3 Ne5+ 62. Kf4 Nf7 63. Bb4 Rd8 64. a4 Rd1 65. a5 Rf1+ 66. Ke4 Nd6+ 67. Bxd6 Re1+ 68. Kf4 Rf1+ 69. Ke5 1-0

[Event "Chessable Masters Play In"]
[Site "Chess.com INT"]
[Date "2024.01.31"]
[Round "9"]
[White "Antipov, Mikhail Al"]
[Black "Ivic, Velimir"]
[Result "1-0"]
[WhiteElo "2604"]
[BlackElo "2567"]
[PlyCount "95"]
[EventDate "2024.01.31"]
[EventType "swiss (rapid)"]
[EventRounds "9"]
[EventCountry "USA"]
[SourceTitle "CB06_2024"]
[SourceDate "2024.02.07"]
[SourceVersion "1"]
[SourceVersionDate "2024.02.07"]
[SourceQuality "1"]

1. e4 c5 2. Nf3 Nc6 3. Bb5 e6 4. 0-0 Nge7 5. Re1 Nd4 6. Nxd4 cxd4 7. c3 a6 8. Bf1 Nc6 9. b4 Bd6 10. Na3 0-0 11. Nc2 f5 12. g3 fxe4 13. Rxe4 Qf6 14. Qe1 Bc7 15. Nxd4 d5 16. Rxe6 Bxe6 17. Qxe6+ Kh8 18. Qxf6 Rxf6 19. Nxc6 Rxc6 20. Bg2 Rd8 21. Bb2 Re6 22. Kf1 Kg8 23. a4 a5 24. Ba3 axb4 25. Bxb4 b6 26. a5 bxa5 27. Bxa5 Ra6 28. Bxc7 Rxa1+ 29. Ke2 Rd7 30. Bf4 Kf7 31. h4 Re7+ 32. Be3 Ke6 33. Kd3 Ra4 34. Bf3 Kd6 35. Bg2 Rf7 36. Ke2 Ke5 37. Bh3 h6 38. Bg2 Rb7 39. Bc5 Rb1 40. Be3 Raa1 41. Bd4+ Ke6 42. Bxg7 h5 43. Bf3 Ra7 44. Bd4 Rh7 45. Kd3 Rb8 46. Be3 Rf8 47. Bg2 Rc8 48. Bh3+ 1-0

[Event "Chessable Masters Play In"]
[Site "Chess.com INT"]
[Date "2024.01.31"]
[Round "4"]
[White "Meskovs, Nikita"]
[Black "Antipov, Mikhail Al"]
[Result "1-0"]
[WhiteElo "2532"]
[BlackElo "2604"]
[PlyCount "121"]
[EventDate "2024.01.31"]
[EventType "swiss (rapid)"]
[EventRounds "9"]
[EventCountry "USA"]
[SourceTitle "CB06_2024"]
[SourceDate "2024.02.07"]
[SourceVersion "1"]
[SourceVersionDate "2024.02.07"]
[SourceQuality "1"]

1. d4 Nf6 2. c4 g6 3. Nc3 d5 4. cxd5 Nxd5 5. Bd2 c5 6. e4 Nxc3 7. Bxc3 cxd4 8. Bxd4 e5 9. Bxe5 Bb4+ 10. Bc3 Bxc3+ 11. bxc3 Qa5 12. Qd2 0-0 13. Bc4 Rd8 14. Bd5 Nd7 15. c4 Qxd2+ 16. Kxd2 Nb6 17. Kd3 Be6 18. Ne2 Rac8 19. Rac1 Rc5 20. Rc3 Ra5 21. Rc2 Kg7 22. Rb1 Na4 23. Kd4 Nc5 24. f3 b6 25. Nf4 Ra3 26. Rd1 Bd7 27. Rdd2 h5 28. Rc3 Ra5 29. h4 Bc8 30. Ke3 Rd7 31. Ne2 Rc7 32. Nd4 Ba6 33. Rdc2 Nd7 34. Nb3 Ra3 35. Kd4 Ra4 36. Ke3 Nc5 37. Nd4 Ra5 38. Bc6 Kf8 39. g3 Ne6 40. Bd5 Nc5 41. Kf4 Kg7 42. g4 hxg4 43. fxg4 Ra4 44. h5 Rb4 45. hxg6 fxg6 46. Ra3 Rb1 47. Nb3 Nd3+ 48. Kg5 Nb4 49. Rf2 Bc8 50. Rf6 Rg1 51. Rxg6+ Kh7 52. Rh6+ Kg7 53. Rg6+ Kh7 54. Rh6+ Kg7 55. Rh4 Nc2 56. Ra4 Ne1 57. Nd4 Ng2 58. Rh3 Re7 59. Nf5+ Bxf5 60. exf5 Rc7 61. f6+ 1-0

[Event "Titled Tuesday intern op 16th Jan Late"]
[Site "Chess.com INT"]
[Date "2024.01.16"]
[Round "2"]
[White "Saha, Ananda"]
[Black "Antipov, Mikhail Al"]
[Result "0-1"]
[WhiteElo "1992"]
[BlackElo "2604"]
[PlyCount "184"]
[EventDate "2024.01.16"]
[EventType "swiss (blitz)"]
[EventRounds "11"]
[EventCountry "USA"]
[SourceTitle "CB04_2024"]
[SourceDate "2023.10.16"]
[SourceVersion "1"]
[SourceVersionDate "2023.10.16"]
[SourceQuality "1"]

1. d4 Nf6 2. Bg5 Nc6 3. Bxf6 exf6 4. e3 Ne7 5. Bd3 g6 6. Nf3 Bg7 7. 0-0 0-0 8. c4 d6 9. Nc3 c6 10. b4 Bd7 11. Rb1 a6 12. a4 b6 13. Qe2 Qc7 14. Rfc1 Rfe8 15. h3 Kh8 16. c5 bxc5 17. bxc5 dxc5 18. dxc5 f5 19. Bxa6 Qa5 20. Bc4 Bxc3 21. Bxf7 Red8 22. Bb3 Bf6 23. Qc4 Nd5 24. Nd4 Rab8 25. Qc2 Nb4 26. Qc4 Rf8 27. Ne6 Bxe6 28. Qxe6 Nd3 29. Rd1 Nxc5 30. Qc4 Rb4 31. Qc2 Rfb8 32. Bf7 Rxb1 33. Rxb1 Rxb1+ 34. Qxb1 Kg7 35. Be8 Qxa4 36. Qc1 Qa1 37. Qxa1 Bxa1 38. Bxc6 Kf6 39. Kf1 h6 40. Ke2 g5 41. g4 f4 42. exf4 gxf4 43. Kf3 Be5 44. h4 Bd6 45. Ba8 Ke5 46. g5 hxg5 47. hxg5 Kf5 48. Ke2 Kxg5 49. f3 Kf6 50. Bd5 Ke5 51. Ba8 Kd4 52. Bc6 Kc3 53. Kf2 Nd3+ 54. Ke2 Ba3 55. Be4 Nc1+ 56. Kf2 Kd2 57. Ba8 Bc5+ 58. Kg2 Ke3 59. Bb7 Ne2 60. Ba8 Nd4 61. Bb7 Nf5 62. Ba8 Nh4+ 63. Kh3 Nxf3 64. Kg4 Nd4 65. Kh3 f3 66. Bxf3 Kxf3 67. Kh2 Ne2 68. Kh1 Ng3+ 69. Kh2 Bd4 70. Kh3 Bg1 71. Kh4 Ne4 72. Kh5 Kf4 73. Kg6 Bc5 74. Kf7 Ke5 75. Ke8 Kd6 76. Kd8 Kc6 77. Kc8 Ba7 78. Kd8 Kd6 79. Kc8 Nc5 80. Kd8 Nb7+ 81. Ke8 Ke6 82. Kf8 Bd4 83. Ke8 Be5 84. Kf8 Nd6 85. Kg8 Kf6 86. Kh7 Bf4 87. Kg8 Kg6 88. Kf8 Bg5 89. Kg8 Be7 90. Kh8 Nf7+ 91. Kg8 Nh6+ 92. Kh8 Bf6# 0-1

[Event "Pan American Intercollegiate-chT"]
[Site "McAllen"]
[Date "2024.01.04"]
[Round "1.10"]
[White "Keuchel, Destynn"]
[Black "Antipov, Mikhail Al"]
[Result "0-1"]
[WhiteElo "1849"]
[BlackElo "2604"]
[PlyCount "64"]
[EventDate "2024.01.04"]
[EventType "team-swiss"]
[EventRounds "6"]
[EventCountry "USA"]
[SourceTitle "CB02_2024"]
[SourceDate "2024.01.10"]
[SourceVersion "1"]
[SourceVersionDate "2024.01.10"]
[SourceQuality "1"]
[WhiteTeam "Penn Univ"]
[BlackTeam "Missouri Univ"]
[WhiteTeamCountry "USA"]
[BlackTeamCountry "USA"]

1. e4 c5 2. c3 Nf6 3. e5 Nd5 4. Nf3 Nc6 5. Bc4 Nb6 6. Bb3 d5 7. exd6 c4 8. Bc2 Qxd6 9. d4 cxd3 10. Qxd3 Qxd3 11. Bxd3 g6 12. Na3 Bg7 13. Nc4 Na4 14. 0-0 Bf5 15. Bxf5 gxf5 16. Re1 0-0 17. Nfe5 Nxe5 18. Nxe5 Rfd8 19. f4 Rac8 20. Kf2 e6 21. Rb1 Nc5 22. Kf3 f6 23. Nc4 Nd3 24. Rxe6 Rxc4 25. Re7 Re4 26. Rxb7 Ne1+ 27. Kf2 Rd1 28. Rxa7 Nd3+ 29. Kf3 Nxc1 30. g4 Rd3+ 31. Kf2 Re2+ 32. Kf1 Rd1# 0-1

[Event "North American op 33rd"]
[Site "Las Vegas"]
[Date "2023.12.29"]
[Round "8"]
[White "Antipov, Mikhail Al"]
[Black "Rahul, Srivatshav P"]
[Result "0-1"]
[WhiteElo "2607"]
[BlackElo "2454"]
[PlyCount "132"]
[EventDate "2023.12.26"]
[EventType "swiss"]
[EventRounds "9"]
[EventCountry "USA"]
[SourceTitle "CB01_2024"]
[SourceDate "2024.01.03"]
[SourceVersion "1"]
[SourceVersionDate "2024.01.03"]
[SourceQuality "1"]

1. e4 e6 2. d4 d5 3. Nc3 Nf6 4. e5 Nfd7 5. f4 c5 6. dxc5 a6 7. a3 Bxc5 8. b4 Ba7 9. Qg4 Qc7 10. Bb2 0-0 11. 0-0-0 Nc6 12. Nf3 f5 13. Qh4 Nb6 14. Kb1 Ne7 15. Nd4 Rf7 16. g4 Nc4 17. Bxc4 Qxc4 18. Nce2 Bd7 19. Rd3 Qc7 20. Rh3 h6 21. g5 Rc8 22. gxh6 g6 23. h7+ Kh8 24. Rc1 a5 25. Nf3 axb4 26. axb4 d4 27. Nexd4 Bxd4 28. Nxd4 Nd5 29. Rg1 Rg7 30. Qh6 Qc4 31. Rhg3 Ba4 32. c3 Ne7 33. Qh4 Bc6 34. Nxc6 Qxc6 35. Re1 Qc4 36. Rf3 Nd5 37. Qf2 Rgc7 38. Qg2 Rg7 39. Qe2 b5 40. Qxc4 Rxc4 41. Ka2 Rxh7 42. Kb3 Rxh2 43. Ra1 Rxf4 44. Rxf4 Nxf4 45. Bc1 Nd5 46. Ra8+ Kh7 47. Ra7+ Kg8 48. Ra8+ Kf7 49. Ra7+ Ke8 50. Ra6 Kf7 51. Ra7+ Kf8 52. Ra8+ Ke7 53. Ra7+ Kd8 54. Ra6 Nc7 55. Rd6+ Kc8 56. Be3 Rh3 57. Bb6 g5 58. Bxc7 Kxc7 59. Rxe6 g4 60. Kc2 f4 61. Re7+ Kc6 62. c4 bxc4 63. Rf7 Rf3 64. e6 g3 65. b5+ Kxb5 66. e7 Re3 0-1

[Event "Saint Louis Winter Blitz"]
[Site "Saint Louis"]
[Date "2023.12.20"]
[Round "9.3"]
[White "Antipov, Mikhail Al"]
[Black "Chandra, Akshat"]
[Result "1-0"]
[WhiteElo "2607"]
[BlackElo "2486"]
[PlyCount "93"]
[EventDate "2023.12.20"]
[EventType "schev (blitz)"]
[EventRounds "12"]
[EventCountry "USA"]
[SourceTitle "CB52_2023"]
[SourceDate "2023.12.27"]
[SourceVersion "1"]
[SourceVersionDate "2023.12.27"]
[SourceQuality "1"]
[WhiteTeam "Team A"]
[BlackTeam "Team B"]
[WhiteTeamCountry "USA"]
[BlackTeamCountry "USA"]

1. e4 e5 2. Nf3 Nc6 3. Bc4 Bc5 4. d3 Nf6 5. 0-0 d6 6. c3 a6 7. a4 Ba7 8. Nbd2 0-0 9. h3 Re8 10. Re1 Be6 11. Bxe6 Rxe6 12. b4 h6 13. Qc2 Ne7 14. Nf1 Ng6 15. c4 Nh5 16. g3 Qd7 17. Qd1 Nf6 18. Kg2 c6 19. Be3 Bxe3 20. Nxe3 d5 21. Qc2 a5 22. b5 d4 23. bxc6 bxc6 24. Nf5 Qa7 25. c5 Nd7 26. Rec1 Rb8 27. Nd2 Rb4 28. Rab1 Rxb1 29. Nxb1 Ne7 30. Nd6 Qc7 31. Nd2 Nc8 32. N2c4 Nxd6 33. cxd6 Qa7 34. Rb1 Kh7 35. Qb2 Nc5 36. Qb6 Qxb6 37. Rxb6 Kg6 38. Rxc6 Nd7 39. f4 exf4 40. gxf4 f5 41. e5 Nf8 42. Rc8 Kf7 43. Nxa5 Rg6+ 44. Kf2 Ne6 45. Nc6 Nxf4 46. d7 Ne6 47. Re8 1-0